| 000 | 00498nam a22001817a 4500 | ||
|---|---|---|---|
| 001 | 196179 | ||
| 003 | 0 | ||
| 005 | 20260211075637.0 | ||
| 008 | 260211b |||||||| |||| 00| 0 POR d | ||
| 040 | _cAnglo Leonardo da Vinci | ||
| 100 |
_aFrança, Rodrigo _91401 |
||
| 245 | _aO pequeno príncipe preto | ||
| 260 |
_aRio de Janeiro _bNova Fronteira _c2020 |
||
| 300 | _a[31] p. | ||
| 500 | _aIlustração Juliana Barbosa Pereira | ||
| 650 | 0 |
_aLiteratura infantojuvenil _91113 |
|
| 942 |
_2ddc _cBK _n0 |
||
| 999 |
_c196179 _d196179 |
||